Edouard Manet 1832-1883
Guardado en:
| Autor principal: | |
|---|---|
| Formato: | Libro |
| Lenguaje: | español |
| Publicado: |
Barcelona
Timun Mas
1964
|
| Colección: | Colección Libro de Arte de Bolsillo
|
| Materias: | |
| Etiquetas: |
Agregar Etiqueta
Sin Etiquetas, Sea el primero en etiquetar este registro!
|
MARC
| LEADER | 00000nam a2200000 a 4500 | ||
|---|---|---|---|
| 001 | UCO1809 | ||
| 003 | CL-VaPUC | ||
| 008 | 000519e19640000SP |||||||||||||||||spa|d | ||
| 082 | 0 | 4 | |a 759.05 |b FAI |2 21 |
| 100 | 0 | |a Faison, S. Lane |e author |9 444323 | |
| 245 | 1 | 0 | |a Edouard Manet 1832-1883 |
| 300 | |a 48 p | ||
| 942 | |c BK | ||
| 945 | |d 20000519 00:00:00 |a rbrito | ||
| 260 | |a Barcelona |b Timun Mas |c 1964 | ||
| 600 | 0 | |a Manet, Édouard, |d 1832-1883 |9 266094 | |
| 650 | 0 | |a Pintura francesa |9 266122 | |
| 650 | 0 | |a Pintores franceses |9 340354 | |
| 583 | |a last modification |c 20000519 00:00:00 |k Rodrigo Vera | ||
| 490 | 0 | |a Colección Libro de Arte de Bolsillo | |
| 999 | |c 288402 |d 288400 | ||
| 952 | |0 0 |1 0 |4 0 |6 759_050000000000000_FAI_1964 |7 0 |8 P |9 336070 |a BIBARQ |b BIBARQ |d 2019-11-20 |i 3620840 |o 759.05 FAI 1964 |p 3620840 |r 2025-01-20 |w 2019-11-20 |y BK |k ARQ | ||